000 04027nam0a2200433 4500
001 RU\NLR\BIBL_A\022498039
005 20260420041541.0
010 _a978-5-7014-1148-5
_bНовосибирский государственный университет экономики и управления
010 _a978-5-91246-233-7
_bФКОУ ВО Кузбасский институт ФСИН России
021 _aRU
_bКН-П-25-003208
_9КН-П-25-0308
035 _a(NLR Aleph) 022498039
090 _a13671169
_c13671169
100 _a20250321d2024 k y0rusy50 ca
101 0 _arus
_deng
102 _aRU
105 _ay z 100yy
181 0 _ai3
_baxxe
182 0 _an
200 1 _aБорьба с правонарушениями в сфере экономики: правовые, процессуальные и криминалистические проблемы
_eсборник материалов международной научно-практической конференции, г. Новосибирск, 15 мая 2024 г.
_fVI Международный юридический форум "Право и экономика: национальный опыт и стратегии развития", Федеральное государственное бюджетное образовательное учреждение высшего образования "Новосибирский государственный университет экономики и управления "НИНХ", Федеральное казенное образовательное учреждение высшего образования "Кузбасский институт Федеральной службы исполнения наказаний"
_gответственный редактор: кандидат юридических наук, доцент Н. И. Верченко
203 _aТекст
_bвизуальный
_cнепосредственный
210 _aНовосибирск
_cНовосибирский государственный университет экономики и управления
_cФКОУ ВО Кузбасский институт ФСИН России
_d2024
215 _a173 с.
_d21
300 _aРез. англ.
320 _aБиблиогр. в конце ст.
606 1 _aПреступления в сфере экономики
_jСъезды, совещания и т.п
_xБорьба с ними
_yРоссийская Федерация
_92141379
_3RU\NLR\AUTH\661290616
686 1 _aХ628.322.16я431
686 1 _aХ621.033.2я431
702 1 _aВерченко
_bН. И.
_gНадежда Игоревна
_4340
711 1 2 _a"Борьба с правонарушениями в сфере экономики: правовые, процессуальные и криминалистические проблемы", международная научно-практическая конференция
_eНовосибирск
_f2024
_92657900
_3RU\NLR\AUTH\880625532
711 1 2 _a"Право и экономика: национальный опыт и стратегии развития", международный юридический форум
_d6
_eНовосибирск
_f2024
_92657862
_3RU\NLR\AUTH\880625494
712 0 2 _4475
_aНовосибирский государственный университет экономики и управления
_9625628
_3RU\NLR\AUTH\8810062063
856 4 _lVNP_SKP
_tVIEW
_uhttps://webservices.nlr.ru/viewer/file?name=a022498039_002.txt
_yАннотация
856 4 1 _lVNP_SKP
_tVIEW
_uhttps://webservices.nlr.ru/viewer/file?name=t022498039_001.jpg
_yОбложка
942 _cBOOK
980 4 _aVNP_SKP
980 _aNB